El maestro y la educación / (Record no. 3606)

000 -CABECERA
fixed length control field 00856nam a22002297a 4500
003 - IDENTIFICADOR DEL NÚMERO DE CONTROL
control field AR-CdUCM
008 - DATOS DE LONGITUD FIJA--INFORMACIÓN GENERAL
fixed length control field 190306b ||||| |||| 00| 0 spa d
040 ## - FUENTE DE LA CATALOGACIÓN
Agencia/entidad que catalogó originalmente la obra MUNICIPALIDAD PROVINCIAL DEL CUSCO
Entidad que transcribió la catalogación BIBLIOTECA MUNICIPAL DEL CUSCO
082 ## - NÚMERO DE LA CLASIFICACIÓN DECIMAL DEWEY
No. de Clasificación 371.124 /
Notacion interna M41
100 ## - ENTRADA PRINCIPAL--NOMBRE DE PERSONA
Nombre Personal Melby, Ernest O
245 ## - MENCIÓN DE TÍTULO
Título El maestro y la educación /
260 ## - PUBLICACIÓN, DISTRIBUCIÓN, ETC.
Lugar de publicación, distribución, etc. México :
Nombre de la editorial, distribuidor, etc. Uteha,
Fecha de publicación, distribución, etc. 1966.
300 ## - DESCRIPCIÓN FÍSICA
Nº de Páginas Extensión 177 paginas ;
Dimensiones 17 cm.
440 ## - MENCIÓN DE SERIE/PUNTO DE ACCESO ADICIONAL--TÍTULO
Título Educación
Número de la parte/sección de una obra 17
9 (RLIN) 5220
505 ## - NOTA DE CONTENIDO CON FORMATO
Nota de contenido formateada Contenido :Enseñanza e instrucción en un mundo cambiante -- Que significa aprender -- Que significa enseñar --El maestro es un artista -- El maestro es un estudiante ...
650 ## - PUNTO DE ACCESO ADICIONAL DE MATERIA--TÉRMINO DE MATERIA
Descriptor Ética profesional
9 (RLIN) 8138
650 ## - PUNTO DE ACCESO ADICIONAL DE MATERIA--TÉRMINO DE MATERIA
Descriptor Pedagogía
9 (RLIN) 1560
650 ## - PUNTO DE ACCESO ADICIONAL DE MATERIA--TÉRMINO DE MATERIA
Descriptor Formación profesional
9 (RLIN) 5072
700 ## - PUNTO DE ACCESO ADICIONAL--NOMBRE DE PERSONA
Nombre Personal Guzman Balboa, Antonio (traductor)
9 (RLIN) 11789
942 ## - ELEMENTOS DE PUNTO DE ACCESO ADICIONAL (KOHA)
Fuente de clasificación
Tipo de item Libros-BMC
945 ## - PROCESAMIENTO DE INFORMACIÓN LOCAL (OCLC)
Catalogador rum
Holdings
Estado de retiro (separado) Fuente de clasificación o esquema de estanterías Estado dañado Ubicación Sala donde se ubica Nombre de la colección Fecha de adquisición o compra Costo, precio normal en soles Signatura topográfica Código de Barras Última vez visto (Koha) Tipo de ítem (Koha) Número de Ejemplar
No     Sala Humanidades Sala Humanidades Book Cart 2019-03-06 6.00 371.124 / M41 SH0000003950 2019-03-06 Libros-BMC  
No     Sala Humanidades Sala Humanidades Book Cart 2019-03-07 6.00 371.124 / M41 / e.2 SH0000004509 2019-03-07 Libros-BMC 2ej.

Powered by Koha